Thực trạng và giải pháp định hướng sinh kế cho các dân tộc thiểu số vùng Đồng Bằng Sông Cửu Long : Trường hợp dân tộc Chăm ở An Giang và Khmer ở Trà Vinh

Phân tích thực trạng sinh kế và các nhân tố ảnh hưởng đến thu thập của người dân tộc. Từ đó đề xuất các giải pháp nâng cao thu nhập dựa trên các nguồn lực săn có củan người dân tộc ĐBSCL....

Description complète

Enregistré dans:
Détails bibliographiques
Auteur principal: Nguyễn, Quốc Nghi
Format: Livre
Langue:Undetermined
Publié: Cần Thơ Trường Đại học Cần Thơ 2010
Sujets:
Tags: Ajouter un tag
Pas de tags, Soyez le premier à ajouter un tag!
Thư viện lưu trữ: Trung tâm Học liệu Trường Đại học Cần Thơ
LEADER 01261nam a2200229Ia 4500
001 CTU_205266
008 210402s9999 xx 000 0 und d
082 |a 338.1 
082 |b Ngh300 
088 |a T2010-11 
100 |a Nguyễn, Quốc Nghi 
245 0 |a Thực trạng và giải pháp định hướng sinh kế cho các dân tộc thiểu số vùng Đồng Bằng Sông Cửu Long : 
245 0 |b Trường hợp dân tộc Chăm ở An Giang và Khmer ở Trà Vinh 
245 0 |c Nguyễn Quốc Nghi (chủ nhiệm) ; Bùi Văn Trịnh (cán bộ phối hợp) 
260 |a Cần Thơ 
260 |b Trường Đại học Cần Thơ 
260 |c 2010 
520 |a Phân tích thực trạng sinh kế và các nhân tố ảnh hưởng đến thu thập của người dân tộc. Từ đó đề xuất các giải pháp nâng cao thu nhập dựa trên các nguồn lực săn có củan người dân tộc ĐBSCL. 
650 |a Ethnic,Chính sách dân tộc,Dân tộc thiểu số,Ethnic diversity policy 
904 |i Qhieu 
915 |a KT 
980 |a Trung tâm Học liệu Trường Đại học Cần Thơ